000 00323nam a2200133Ia 4500
008 231129s1996||||xx |||||||||||||| ||spa||
040 _bspa
082 _a215 C843c
100 _aCotúa Valdés José
245 0 _aCiencia y mí­stica
260 _c1996
264 _aBarranquilla Colombia : Antillas
942 _2ddc
_cBKS
999 _c6959
_d6959